Statistics for Nerve Supply of Muscles - Lower Body

Click here to take the quiz!

General Stats

  • This quiz has been taken 19 times
  • The average score is 25 of 53

Answer Stats

MuscleHint% Correct
SartoriusFemoral
92%
Vastus IntermediusFemoral
92%
Rectus FemorisFemoral
92%
Vastus LateralisFemoral
92%
Vastus MedialisFemoral
92%
Gluteus MinimusSuperior Gluteal
92%
Gluteus MediusSuperior Gluteal
92%
Gluteus MaximusInferior Gluteal
85%
Tibialis PosteriorTibial
69%
PopliteusTibial
69%
PlantarisTibial
69%
SoleusTibial
69%
GastrocnemiusTibial
69%
Flexor Digitorum LongusTibial
62%
Flexor Hallucis LongusTibial
62%
Extensor Hallucis LongusDeep Peroneal (Fibular)
54%
Tibialis AnteriorDeep Peroneal (Fibular)
54%
Extensor Digitorum LongusDeep Peroneal (Fibular)
54%
IliacusFemoral
54%
Adductor LongusObturator
54%
Adductor BrevisObturator
54%
Adductor Magnus (Adductor Part)Obturator
54%
Biceps Femoris Long HeadTibial Division Sciatic
54%
Peroneus TertiusDeep Peroneal (Fibular)
46%
PectineusFemoral
46%
PiriformisNerve to Piriformis
46%
Obturator ExternusObturator
46%
Peroneus LongusSuperficial Peroneal (Fibular)
46%
Peroneus BrevisSuperficial Peroneal (Fibular)
46%
Tensor Fascia LataeSuperior Gluteal
46%
SemimembranosusTibial Division Sciatic
46%
SemitendinosusTibial Division Sciatic
46%
Extensor Digitorum BrevisDeep Peroneal (Fibular)
38%
Extensor Hallucis BrevisDeep Peroneal (Fibular)
38%
Obturator InternusNerve to Obturator Internus
38%
GracilisObturator
38%
Biceps Femoris Short HeadCommon Peroneal (Fibular) Division Sciatic
31%
Quadratus FemorisNerve to Quadratus Femoris
31%
Superior GemellusNerve to Obturator Internus
23%
Inferior GemellusNerve to Quadratus Femoris
23%
Psoas Major/MinorAnterior Rami L1-L3
15%
Dorsal InterosseiLateral Plantar
15%
Lumbricals (2-4)Lateral Plantar
15%
Plantar InterosseiLateral Plantar
15%
Flexor Digiti Minimi BrevisLateral Plantar
15%
Adductor HallucisLateral Plantar
15%
Abductor Digiti MinimiLateral Plantar
15%
Quadratus PlantaeLateral Plantar
15%
Lumbricals (1)Medial Plantar
15%
Flexor Hallucis BrevisMedial Plantar
15%
Flexor Digitorum BrevisMedial Plantar
15%
Abductor HallucisMedial Plantar
15%
Adductor Magnus (Hamstring Part)Tibial Division Sciatic
15%

Score Distribution

Percentile by Number Answered

Percent of People with Each Score

Your Score History

You have not taken this quiz